000 00354nam a2200133Ia 4500
008 240624s9999 xx 000 0 und d
041 _aeng
082 _a658.408 CLA
100 _aCLARKE THOMAS
245 _aSAGE HANDBOOK OF CORPORATE GOVERNANCE
260 _c2012
_aLondon
_bSage Publication
300 _axxi, : 657 : p. : cm. ; 25
365 _cGBP
_b28
999 _c21958
_d21958